Tables of thermodynamics and transport properties (Record no. 139688)

000 -LEADER
fixed length control field 00273nmm a2200097Ia 4500
008 - FIXED-LENGTH DATA ELEMENTS--GENERAL INFORMATION
fixed length control field 220120s9999||||xx |||||||||||||||||und||
020 ## - INTERNATIONAL STANDARD BOOK NUMBER
International Standard Book Number 0-07-044540-0
100 ## - MAIN ENTRY--PERSONAL NAME
Personal name Borgnakke, Clause
9 (RLIN) 11254
245 #0 - TITLE STATEMENT
Title Tables of thermodynamics and transport properties
260 ## - PUBLICATION, DISTRIBUTION, ETC.
Name of publisher, distributor, etc. New Delhi
Holdings
Withdrawn status Lost status Damaged status Not for loan Home library Current library Date acquired Barcode Date last seen Price effective from Koha item type
        Central Library Central Library 01/20/2022 CD1239 01/20/2022 01/20/2022 Compact Disc

Powered by Koha